000 00344nam a2200145Ia 4500
008 230917s9999||||xx |||||||||||||| ||und||
040 _e49810
_aMAIN
041 _aEnglish
082 _a200 S64D
100 _aSimha, S L N
245 0 _aDharma all the way
260 _aBangalore
_bDharma-Artha Centre
_c1995
300 _a201 p.
942 _cBK
999 _c79770
_d79770